Cleft Palate : Interdisciplinary Issues and Treatment (Record no. 247045)

MARC details
000 -LEADER
fixed length control field 00548nam a2200205Ia 4500
008 - FIXED-LENGTH DATA ELEMENTS--GENERAL INFORMATION
fixed length control field 240913s9999||||xx |||||||||||||| ||und||
020 ## - INTERNATIONAL STANDARD BOOK NUMBER
International Standard Book Number 0-89079-567-3
082 ## - DEWEY DECIMAL CLASSIFICATION NUMBER
-- 617.5225 N3
100 ## - MAIN ENTRY--PERSONAL NAME
Personal name Moller,Karlind T
245 #0 - TITLE STATEMENT
Title Cleft Palate : Interdisciplinary Issues and Treatment
250 ## - EDITION STATEMENT
Edition statement 1st
260 ## - PUBLICATION, DISTRIBUTION, ETC. (IMPRINT)
Date of publication, distribution, etc 1993
Name of publisher, distributor, etc Pro.e
500 ## - GENERAL NOTE
General note REFERENCE
650 ## - SUBJECT ADDED ENTRY--TOPICAL TERM
Topical term or geographic name as entry element Audiology Speech and Language Pathology
700 ## - ADDED ENTRY--PERSONAL NAME
Personal name Starr,Clark D
942 ## - ADDED ENTRY ELEMENTS (KOHA)
Item type Reference
Holdings
Withdrawn status Lost status Damaged status Permanent location Current location Shelving location Date acquired Source of acquisition Cost, normal purchase price Full call number Barcode Date last seen Koha item type
      CENTRAL LIBRARY, NOORUL ISLAM CENTRE FOR HIGHER EDUCATION CENTRAL LIBRARY, NOORUL ISLAM CENTRE FOR HIGHER EDUCATION   02/02/2024 Amazon Online Book 2887.47 617.5225 N3 83346 09/13/2024 Reference
Visitors:
Copyright © 2024 Central Library NICHE.  All rights reserved.